UBT Library

Pharmaceutical Care (Record no. 57184)

000 -LEADER
fixed length control field 00324nam a22001457a 4500
008 - FIXED-LENGTH DATA ELEMENTS--GENERAL INFORMATION
fixed length control field 210511b ||||| |||| 00| 0 eng d
020 ## - INTERNATIONAL STANDARD BOOK NUMBER
International Standard Book Number 2900763764080
041 ## - LANGUAGE CODE
Language code of text/sound track or separate title eng
080 ## - UNIVERSAL DECIMAL CLASSIFICATION NUMBER
Edition identifier 2nd
Universal Decimal Classification number 615
082 ## - DEWEY DECIMAL CLASSIFICATION NUMBER
Classification number 615
100 ## - Rafti
Rafti 5
101 ## - Shkurtesa
Shkurtesa FAR
245 ## - TITLE STATEMENT
Title Pharmaceutical Care
Statement of responsibility, etc Nathaniel M. Rickles
942 ## - ADDED ENTRY ELEMENTS (KOHA)
Source of classification or shelving scheme
Item type Books
Holdings
Withdrawn status Lost status Source of classification or shelving scheme Damaged status Not for loan Collection code Permanent location Current location Shelving location Date acquired Total Checkouts Full call number Barcode Date last seen Price effective from Koha item type
          Koleksioni i përgjithshem UBT - Lipjan UBT - Lipjan Koleksioni i përgjithshem 05/11/2021   615 RIC 002-5000472 05/11/2021 05/11/2021 Books
UBT Library © 2015-2024. All rights reserved University Education for Business and Technology